Pets - Statistics

General Stats
  • This quiz has been taken 44 times
  • The average score is 11 of 14
Answer Stats
Picture Answer % Correct
cat
100%
dog
100%
hamster
100%
mouse
100%
rabbit
95%
snake
93%
guinea pig
90%
rat
90%
duck
88%
chicken
83%
ferret
70%
gerbil
40%
budgie
25%
leopard gecko
8%
No matching quizzes found
Score Distribution
Percent of People with Each Score
Percentile by Number Answered
Your Score History
You have not taken this quiz